Statistics for Decade Volcanoes

Click here to take the quiz!

General Stats

  • This quiz has been taken 32 times
  • The average score is 6 of 16

Answer Stats

HintAnswer% Correct
ItalyMount Vesuvius
84%
ItalyMount Etna
84%
SpainTeide
52%
United StatesMount Rainier
48%
GreeceSantorini
48%
Democratic Republic of CongoMount Nyiragongo
44%
United StatesMauna Loa
40%
IndonesiaMount Merapi
36%
JapanSakurajima
32%
JapanMount Unzen
28%
GuatemalaSanta María / Santiaguito
28%
MexicoVolcán de Colima
24%
ColombiaGaleras
24%
PhilippinesTaal Volcano
24%
RussiaAvachinsky / Koryaksky
20%
Papua New GuineaUlawun
16%

Score Distribution

Percentile by Number Answered

Percent of People with Each Score

Your Score History

You have not taken this quiz